000 00302nam a22001457a 4500
003 SGT
082 _a340,KAT
100 _aKATIYAR,B.B
245 _aLAW OF EASEMENTS AND LICENCES
250 _a14TH
260 _aNEW DELHI
_bUNIVERSAL BOOKS
_c2012
300 _a1091
650 _aLAW
942 _2ddc
_cBK
999 _c9775
_d9775